000 00787nam0a22002651 4500
001 rc\4445336
005 20250612084323.0
021 _aRU
_b[57-23408]
035 _a(NLR Aleph) 008583162
090 _a8597770
_c8597770
100 _a20130416d1957 |||y0rusy50 ca
101 0 _arus
102 _aRU
105 _aa z |||||
200 1 _aРак гортани
_e(Советы врача)
210 _aМосква
_cМедгиз
_d1957
215 _a12 с.
_cил.
_d20
300 _aПеред загл. авт.: проф. Д.И. Зимонт
606 _aРак гортани
_2psbo
700 1 _aЗимонт
_bД.И.
_f1883-1961
_gДавид Иосифович
801 0 _aRU
_bNLR
_gpsbo
801 1 _aRU
_bELAR
_2rusmarc
852 _aNLR
_j57-4/6130
942 _cBOOK
980 _aNB